[Event "GER-ch52 V08 email"]
[Site "GER email"]
[Date "2020.04.16"]
[Round "?"]
[White "Hoeppenstein, Michael"]
[Black "Krauss, Heiko"]
[Result "1/2-1/2"]
[WhiteElo "2448"]
[BlackElo "2408"]
[PlyCount "67"]
[EventDate "2020.??.??"]
[EventType "tourn (corr)"]
[EventRounds "10"]
[EventCountry "GER"]
[SourceTitle "Corr 2022"]
[Source "ChessBase"]
[SourceDate "2021.10.24"]
[SourceVersion "1"]
[SourceVersionDate "2021.10.24"]
[SourceQuality "1"]

1. d4 d5 2. Bf4 c5 3. e3 Nc6 4. Nf3 Nf6 5. Nbd2 e6 6. c3 Bd6 7. Bg3 0-0 8. Bd3 b6 9. e4 Be7 10. e5 Nh5 11. Ng5 Bxg5 12. Qxh5 g6 13. Qe2 cxd4 14. h4 Be7 15. h5 Kg7 16. Rd1 dxc3 17. bxc3 Bd7 18. Bb1 Rc8 19. Bf4 Rh8 20. Nf3 h6 21. hxg6 fxg6 22. Be3 b5 23. Kf1 Be8 24. Rh3 a6 25. Kg1 Bf7 26. a4 g5 27. axb5 axb5 28. Rg3 Qe8 29. Qd2 Rg8 30. Bxg5 hxg5 31. Nxg5 Bxg5 32. Rxg5+ Kf8 33. Rxg8+ Kxg8 34. Qh6 1/2-1/2

[Event "GER-ch50 final email"]
[Site "GER email"]
[Date "2020.04.12"]
[Round "?"]
[White "Hoeppenstein, Michael"]
[Black "Hanel, Roland"]
[Result "1/2-1/2"]
[WhiteElo "2448"]
[BlackElo "2382"]
[PlyCount "73"]
[EventDate "2020.??.??"]
[EventType "tourn (corr)"]
[EventRounds "14"]
[EventCountry "GER"]
[SourceTitle "Corr 2022"]
[Source "ChessBase"]
[SourceDate "2021.10.24"]
[SourceVersion "1"]
[SourceVersionDate "2021.10.24"]
[SourceQuality "1"]

1. d4 f5 2. g3 Nf6 3. Nf3 g6 4. c4 Bg7 5. Bg2 0-0 6. 0-0 d6 7. Nc3 c6 8. Qb3 Na6 9. Bf4 c5 10. d5 Bd7 11. Rfe1 Rb8 12. a3 b6 13. e4 fxe4 14. Nxe4 b5 15. cxb5 Bxb5 16. Nxf6+ Bxf6 17. Bh6 Re8 18. Rac1 Nc7 19. Qa2 Bd7 20. b3 a5 21. a4 Bf5 22. h3 Nxd5 23. Ng5 Nb4 24. Qd2 Qc7 25. Rc3 Bd7 26. Qf4 Bxg5 27. Qxg5 e5 28. Rd1 Bc6 29. Bf1 Qd8 30. Qd2 Bd5 31. Bc4 Bxc4 32. Rxc4 Rb6 33. Rxc5 dxc5 34. Qxd8 Rxd8 35. Rxd8+ Kf7 36. Be3 Nc2 37. Bxc5 1/2-1/2

[Event "GER-ch50 V07 email"]
[Site "GER email"]
[Date "2018.05.15"]
[Round "?"]
[White "Hoeppenstein, Michael"]
[Black "Kuhne, Detlev"]
[Result "1/2-1/2"]
[WhiteElo "2370"]
[BlackElo "2393"]
[PlyCount "73"]
[EventDate "2018.??.??"]
[EventType "tourn (corr)"]
[EventRounds "10"]
[EventCountry "GER"]
[SourceTitle "Corr 2020"]
[Source "ChessBase"]
[SourceDate "2019.09.30"]
[SourceVersion "1"]
[SourceVersionDate "2019.09.30"]
[SourceQuality "1"]

1. d4 Nf6 2. c4 g6 3. Nc3 Bg7 4. e4 d6 5. Nf3 0-0 6. Be2 e5 7. 0-0 Nc6 8. d5 Ne7 9. b4 Nh5 10. c5 Nf4 11. Bxf4 exf4 12. Rc1 h6 13. Nd2 g5 14. Bh5 Ng6 15. Bxg6 fxg6 16. Re1 g4 17. Nc4 Qh4 18. Qd3 a6 19. Ne2 Bd7 20. Qd2 Qf6 21. cxd6 cxd6 22. Nc3 g3 23. hxg3 fxg3 24. fxg3 Qd4+ 25. Qxd4 Bxd4+ 26. Kh1 Rae8 27. e5 dxe5 28. Nd6 Rd8 29. Nxb7 Rc8 30. Ne4 Rxc1 31. Rxc1 Rf5 32. g4 Rf4 33. Nbd6 Bxg4 34. Kh2 Bf5 35. Nxf5 gxf5 36. Rc8+ Kf7 37. Nd6+ 1/2-1/2

[Event "GER-ch50 V07 email"]
[Site "GER email"]
[Date "2018.05.15"]
[Round "?"]
[White "Kermer, Wolf Dieter"]
[Black "Hoeppenstein, Michael"]
[Result "1/2-1/2"]
[WhiteElo "2365"]
[BlackElo "2370"]
[PlyCount "118"]
[EventDate "2018.??.??"]
[EventType "tourn (corr)"]
[EventRounds "10"]
[EventCountry "GER"]
[SourceTitle "Corr 2020"]
[Source "ChessBase"]
[SourceDate "2019.09.30"]
[SourceVersion "1"]
[SourceVersionDate "2019.09.30"]
[SourceQuality "1"]

1. c4 e5 2. Nf3 e4 3. Nd4 Nc6 4. e3 Nf6 5. Nc3 Bb4 6. Qb3 a5 7. a3 Nxd4 8. exd4 Bxc3 9. dxc3 a4 10. Qc2 0-0 11. Be2 Re8 12. 0-0 d6 13. Bf4 h6 14. h3 Bf5 15. Rad1 Qe7 16. Rfe1 Bg6 17. Qd2 b6 18. Be3 Nd7 19. f3 Ra5 20. Kh2 f6 21. f4 f5 22. Rg1 h5 23. Qe1 Kf7 24. Bf2 Kg8 25. Bh4 Nf6 26. Qf2 Rb8 27. Bg5 Kf7 28. Qh4 Rh8 29. Qf2 Kg8 30. Rge1 Be8 31. Bf1 Qf7 32. Qc2 Bd7 33. Qf2 Be6 34. d5 Bc8 35. Re3 Nd7 36. Qh4 Rh7 37. Be2 Ra8 38. Rd4 Nc5 39. Bd1 g6 40. Qe1 Bb7 41. Qd2 Ra6 42. Bh4 Ra5 43. Bc2 Kf8 44. Qd1 Ke8 45. Re1 Kd7 46. Bf2 Qe8 47. h4 Re7 48. Be3 Kc8 49. Kg1 Kb8 50. Kf2 Bc8 51. Kg1 Bd7 52. Rd2 Qc8 53. Qb1 Nb7 54. Qd1 Nd8 55. Qb1 Nf7 56. Bd1 Re8 57. Be2 Nd8 58. Bd1 Nb7 59. Bc2 Ra7 1/2-1/2